Etudes de Droit Constitutionnel: France, Anglaterre, Etats-Unis
Guardat en:
| Autor principal: | |
|---|---|
| Format: | Llibre |
| Idioma: | francès |
| Publicat: |
París,Francia
Plon
1885
|
| Matèries: | |
| Etiquetes: |
Afegir etiqueta
Sense etiquetes, Sigues el primer a etiquetar aquest registre!
|
MARC
| LEADER | 00000nam a2200000 a 4500 | ||
|---|---|---|---|
| 001 | UCR4202 | ||
| 003 | CL-VaPUC | ||
| 005 | 20220913074546.0 | ||
| 008 | 980307e18850000FR |||||||||||||||||fre|d | ||
| 999 | |c 267153 |d 267151 | ||
| 040 | |c Pontificia Universidad Católica de Valparaíso | ||
| 082 | 0 | 4 | |a 342.4 BOU 1885 |2 21 |
| 100 | 0 | |a Boutmy, Emile |9 403937 | |
| 245 | 1 | 0 | |a Etudes de Droit Constitutionnel: France, Anglaterre, Etats-Unis |
| 260 | 0 | 3 | |a París,Francia |b Plon |c 1885 |
| 300 | |a 272 páginas | ||
| 500 | |a Donación del padre Enrique Pascal García Huidobro | ||
| 583 | |a last modification |c 19980307 00:00:00 |k Rodrigo Vera | ||
| 650 | 0 | |a Derecho constitucional |9 222588 | |
| 650 | 0 | |a Derecho comparado |9 255664 | |
| 650 | 0 | |a Filosofía del derecho |9 255050 | |
| 650 | 0 | |a Fuentes del derecho |9 255162 | |
| 650 | 0 | |a Derecho natural |9 255041 | |
| 651 | 0 | |a Francia |9 255157 | |
| 651 | 0 | |a Inglaterra |9 255158 | |
| 651 | 0 | |a Estados Unidos |9 255178 | |
| 942 | |c BK |2 ddc | ||
| 945 | |d 19980307 00:00:00 |a cmena | ||
| 952 | |0 0 |1 0 |2 ddc |4 0 |6 342_400000000000000_BOU_1885 |7 0 |8 X |9 299351 |a BIBDER |b BIBDER |d 2019-11-20 |i 195864K |o 342.4 BOU 1885 |p 195864K |r 2023-01-25 |t 1 |w 2019-11-20 |y BK_X |k DER | ||